00333nam a2200121Ia 4500008004100000041000800041082001600049100002000065245004500085260003900130300003100169365001100200240624s9999 xx 000 0 und d aeng a338.954 WIG aWIGNARAJA PONNA aECONOMIC DEMOCRACY THROUGH PRO POOR GROW c2009aNew DelhibSage Publications axvi, : 361 : p. : cm. ; 22 cRSb30